000 00351nam a2200145Ia 4500
008 230917s9999||||xx |||||||||||||| ||und||
040 _e247159
_aMAIN
041 _aEnglish
082 _a345.0773 K527C
100 _aKhan, Sahroon
245 0 _aCapital punishment in India: A need of the hour
260 _c2016
300 _a137 p.
942 _cTH
999 _c128005
_d128005